| 000 | 00881nam0a2200289 4500 | ||
|---|---|---|---|
| 001 | RU\NLR\bibl\106339 | ||
| 005 | 20250617085844.0 | ||
| 010 |
_a5-89537-007-1 _910000 |
||
| 021 |
_aRU _b2000-14186 _9685 |
||
| 035 | _a(NLR Aleph) 000104066 | ||
| 090 |
_a588615 _c588615 |
||
| 100 | _a20000905d2000 |||y0rusy50 ca | ||
| 101 | 0 | _arus | |
| 102 | _aRU | ||
| 105 | _aa ||||||||| | ||
| 200 | 1 |
_aМаша и медведь _e[Рус. нар. сказка _eДля дошк. возраста _fХудож. Б. Игнатьев] |
|
| 210 |
_aМ. _cСтрекоза _d2000 |
||
| 215 |
_a[9] с. _cцв. ил. _d28 |
||
| 225 | 1 | _aМоя любимая книжка | |
| 686 | _aШ9(2)3=Р-2 | ||
| 801 | 0 |
_aRU _bNLR _c20000905 _gPSBO |
|
| 801 | 1 |
_aRU _bNLR _c20000905 |
|
| 852 |
_aNLR _j2000-8/1153 |
||
| 942 | _cBOOK | ||
| 980 | _aNB | ||